000 00478cam a22002051 4500
001 sa 64003348
003 DLC
005 20260227112016.0
008 881028s1960 xx 000 0 hino
010 _asa 64003348
035 _a(OCoLC)23562950
040 _aDLC
_cMiU
_dDLC
042 _apremarc
050 0 0 _aPZ90.B4
_bN8
100 1 _aNurjahan, Begum.
245 1 0 _aEka ye āche deśa.
260 _c[1960]
300 _a81 p.
_billus.
_c19 cm.
500 _aRomanized.
999 _c57859
_d57859